00202nam a2200097Ia 4500008004100000100001400041245001600055260000900071942000700080999001700087190216s9999||||xx |||||||||||||| ||und|| aArora C L 0aBsc Physics bNull cBK c33091d33091